000
00330 a2200157 4500
001
57153
020
_a
8526237276
040
_c
Anchieta - Pituba
100
_a
Braz, Júlio Emílio
240
1
0
_a
Cenas urbanas
_l
por
245
1
0
_a
Cenas urbanas
300
_a
71
362
0
_a
2000
650
4
_a
Literatura juvenil
942
_c
BK
999
_c
57153
_d
57153